000 01264nam a2200337Ia 4500
001 ebr10248893
003 CaPaEBR
006 m u
007 cr cn|||||||||
008 080509s2008 inua s 001 0 eng d
010 _z 2008021374
020 _z9780470259320
020 _z0470259329
040 _aCaPaEBR
_cCaPaEBR
035 _a(OCoLC)608623140
050 1 4 _aQA76.73.P98
_bK56 2008eb
100 1 _aKnowlton, Jim.
245 1 0 _aPython
_h[electronic resource] :
_bcreate-modify-reuse /
_cJim Knowlton.
260 _aIndianapolis, IN :
_bWiley Pub.,
_cc2008.
300 _axxv, 261 p. :
_bill.
490 1 _aCreate-modify-reuse guides
500 _aIncludes index.
500 _a"Wrox programmer to programmer"--Cover.
533 _aElectronic reproduction.
_bPalo Alto, Calif. :
_cebrary,
_d2011.
_nAvailable via World Wide Web.
_nAccess may be limited to ebrary affiliated libraries.
650 0 _aPython (Computer program language)
650 0 _aScripting languages (Computer science)
655 7 _aElectronic books.
_2local
710 2 _aebrary, Inc.
830 0 _aCreate-modify-reuse guides.
856 4 0 _uhttp://site.ebrary.com/lib/rucke/Doc?id=10248893
_zAn electronic book accessible through the World Wide Web; click to view
999 _c34978
_d34978